000 00220 a2200097 4500
001 48268
100 _aAsif Iqbal
245 _aSome aspects of Iqbal thought
260 _aLahore
_bIslamic book
_c
090 _c31222
_d31222
942 _aNUST-CAE
_cM
_c23584
999 _c283341
_d283341